Normal view
MARC view
- Lee, Hong-Hee.
Entry Personal Name
001 - CONTROL NUMBER
- control field: 51272
003 - CONTROL NUMBER IDENTIFIER
- control field: OSt
005 - DATE AND TIME OF LATEST TRANSACTION
- control field: 20240202125130.0
008 - FIXED-LENGTH DATA ELEMENTS
- fixed length control field: 240202|| aca||aabn | a|a d
040 ## - CATALOGING SOURCE
- Original cataloging agency: OSt
- Transcribing agency: OSt
100 ## - HEADING--PERSONAL NAME
- Personal name: Lee, Hong-Hee.
- Relator term: author.
670 ## - SOURCE DATA FOUND
- Source citation: Work cat.: (OSt): Vu, Huu-Cong. author. 51271, Simple MPCC strategy for three-level sparse five-phase VSI to suppress current harmonics with balanced neutral-point voltage /, January 2022.
